000 00401nam a22001697a 4500
005 20160701121313.0
008 160701b xxu||||| |||| 00| 0 eng d
020 _a978-93-5014-008-6
041 _aeng
082 _b20399
100 _aSharna DR sanjay
_93395
245 _aDigital Signal Processing
260 _bKatson
_c2014
300 _a432
650 _aDiploma Engineering
_9817
942 _cBK
999 _c5072
_d5070